000 00348nam a2200133Ia 4500
005 20260328104321.0
008 260328s9999||||xx |||||||||||||| ||und||
100 _aBryden, Douglas
245 0 _aDiseño de Producto :
_b cad y Prototipado rápido /
_cDouglas Bryden
260 _bPromopress
300 _a176 p.
650 _aDISEÑO
942 _cBK
999 _c11341
_d11341